| 000 | 00562nam a2200181 a 4500 | ||
|---|---|---|---|
| 005 | 20210219152859.0 | ||
| 008 | 991125n 000 0 spa u | ||
| 035 | _aUPN01000065007 | ||
| 100 | _aBARRIENTOS MONZÓN, Ivan | ||
| 222 | _aCONESCAL : REVISTA ESPECIALIZADA EN CONSTRUCCIONES ESCOLARES | ||
| 245 | _aAspectos sociales que influyen en el deterioro de la planta fisico-educativo | ||
| 300 | _a4-9 | ||
| 362 | _a1979 No. 50 (abr.-jun.) | ||
| 653 | 0 | _aConstrucciones escolares | |
| 653 | 0 | _aMantenimiento | |
| 904 |
_aAC _b002818 |
||
| 905 | _aArticulo | ||
| 999 |
_c62864 _d62864 |
||